|
|
|
|
| LEADER |
01009nam a2200253 a 4500 |
| 001 |
c000159309 |
| 003 |
CARM |
| 005 |
20011206165011.0 |
| 008 |
850604s1968 b 000 0druso |
| 010 |
|
|
|a 78383458
|
| 019 |
1 |
|
|a 23240647
|5 LACONCORD2021
|
| 035 |
|
|
|a (OCoLC)13631863
|5 LACONCORD2021
|
| 040 |
|
|
|a DLC
|b eng
|c NhD
|d OCoLC
|d MH
|d CStRLIN
|d VU
|
| 043 |
|
|
|a e-ur---
|
| 100 |
1 |
|
|a Naldeev, A.
|q (Alekseĭ)
|
| 245 |
1 |
0 |
|a Revoli︠u︡t︠s︡ii︠a︡ i rodina v tvorchestve A.N. Tolstogo /
|c Alekseĭ Nadleev.
|
| 260 |
|
|
|a Moskva :
|b "Moskovskiĭ rabochiĭ",
|c 1968.
|
| 300 |
|
|
|a 294 p. ;
|c 20 cm.
|
| 504 |
|
|
|a Includes bibliographical references.
|
| 600 |
1 |
0 |
|a Tolstoy, Aleksey Nikolayevich,
|c graf,
|d 1883-1945,
|
| 650 |
|
0 |
|a Authors, Russian
|y 20th century
|v Biography.
|
| 852 |
8 |
|
|b CARM
|h A2:AJ09B0
|i B04753
|p 0209549
|f BK
|
| 999 |
f |
f |
|i a80af91c-a875-55b0-a371-843ae4f7e4aa
|s f6016ba9-ec59-5d06-b222-e28daadc085b
|
| 952 |
f |
f |
|p Can circulate
|a CAVAL
|b CAVAL
|c CAVAL
|d CARM 1 Store
|e B04753
|f A2:AJ09B0
|h Other scheme
|i book
|m 0209549
|